Palindromic sentences - Statistics

General Stats
  • This quiz has been taken 42 times
  • The average score is 3 of 15
Answer Stats
Hint Answer % Correct
A male human, a procedure, an artificial waterway: an American contry. A man, a plan, a canal: Panama.
63%
A car of a japanese manufacturer. A Toyota
48%
No peace in the capital of Kiribati. A war at Tarawa!
41%
Flanders!, I haven't lost my virginity. Ned, I am a maiden
41%
At this moment First Woman, we are in this place, we haven't lost. Now Eve, we're here, we've won.
15%
Doddering cats. Senile felines
15%
It's very warm. Why aren't you singing, mr. Owl? Because it's... Too hot to hoot.
15%
Far from Heaven protagonist and Bart's teacher did it wrong. Dennis and Edna sinned
11%
Neither citrus fruit, neither Cucurbitaceae with edible, fleshy fruit. No lemon, no melon
11%
Stand up in order to cast your ballot, Lord. Rise to vote, sir
11%
A canine! A terror in an asiatic building! A dog! A panic in a pagoda!
7%
First woman (in Spanish), am I allowed to knife vampires in a cavern? Eva, can I stab bats in a cave?
4%
Captain of the Nautilus, we honor females. Nemo, we revere women.
4%
Too many generators! So many dynamos!
4%
Is it agreement? (Answer) No, it is opposition
0%
No matching quizzes found
Score Distribution
Percent of People with Each Score
Percentile by Number Answered
Your Score History
You have not taken this quiz